| 000 | 01118nam0a22002891 4500 | ||
|---|---|---|---|
| 001 | rc\3557706 | ||
| 005 | 20130115135942.7 | ||
| 021 |
_aRU _b[76-58784] |
||
| 035 | _a(NLR Aleph) 007795856 | ||
| 090 |
_a7667238 _c7667238 |
||
| 100 | _a20130115d1976 |||y0rusy50 ca | ||
| 101 | 0 | _arus | |
| 102 | _aRU | ||
| 105 | _aa z ||||| | ||
| 200 | 1 |
_aРентгенодиагностика заболеваний антрального отдела желудка _fА.П. Кичерман, Х.М. Салита |
|
| 210 |
_aКишинев _cКартя молдовеняскэ _d1976 |
||
| 215 |
_a167 с. _cил. _d20 |
||
| 320 | _aСписок лит.: с. 153-166 | ||
| 606 |
_aРак желудка _xДиагностика ранняя _2psbo |
||
| 606 |
_aЖелудочные болезни _xДиагностика рентгенологическая _2psbo |
||
| 700 | 1 |
_aКичерман _bА. П. _gАнтонина Павловна |
|
| 701 | 1 |
_aСалита _bХ. М. _gХая Менделеевна |
|
| 801 | 0 |
_aRU _bNLR _gpsbo |
|
| 801 | 1 |
_aRU _bELAR _2rusmarc |
|
| 852 |
_aNLR _j77-3/32 |
||
| 942 | _cBOOK | ||
| 980 | _aNB | ||